000 00728nam a2200217Ia 4500
005 20240530102450.0
008 140319s1980 xx 000 0 ara d
040 _aGCL /
_cGCL
082 0 4 _a811.6 /
_bس ح
100 1 _aسعد مصلوح
245 1 0 _aحازم القرطاجنى ونظرية المحاكاة والتخييل فى الشعر /
_cسعد مصلوح
260 _aالقاهرة :
_bعالم الكتب،
_c1980
300 _a207 ص؛
_b24 سم
650 0 4 _aالشعر العربى
650 0 4 _aالادب العربى
650 0 4 _aالتقليد
650 0 4 _aحازم القرطاجنى
650 0 4 _aتاريخ ونقد
942 _2ddc
_cBK
999 _c32431
_d32431